000 00329nam a2200133Ia 4500
005 20251222144851.0
008 251222s9999||||xx |||||||||||||| ||spa||
020 _a978-84-7360-481-9
082 _a625.1/A49
100 _aÁlvarez Stein, Alejandro
245 0 _aTécnica Ferroviaria
264 _bEdiciones Tébar
942 _cLIB
999 _c21592
_d21592